Alma (Registo nº 1516)

Detalhes MARC
000 -Etiqueta do registo
Cabeçalho 00694nam0a2200265 4500
005 - Identificador da versão
Campo de controlo 20240813121838.0
010 ## - Número internacional normalizado dos livros (ISBN)
Número (ISBN) 9789722036849
021 ## - Número do Depósito Legal
Código do país PT
Número 280723/08
100 ## - Dados gerais de processamento
Dados gerais de processamento 20150710d2012 d y0pory5003 ba
102 ## - Pais de publicação ou produção
País de publicação Portugal
101 0# - Língua de publicação
Língua do texto, banda sonora, etc. Português
215 ## - Descrição física 
Indicação específica da natureza do documento e extensão da espécie 174 p
200 1# - Titulo e menção de responsabilidade
Título próprio Alma
Informação de outro título romance
Primeira menção de responsabilidade Manuel Alegre
225 2# - Colecção 
Título próprio da colecção Bisleya
205 ## - Menção da edição
Menção da edição 3ª ed.
210 ## - Publicação, Distribuição, etc. 
Lugar da edição, distribuição, etc. Alfragide
Nome do editor, distribuidor, etc. Leya SA
Data da publicação, distribuição, etc. 2012
300 ## - Notas gerais 
Texto da nota Plano Nacional de Leitura
606 ## - Nome comum usado como assunto
Número de registo de entrada de autoridade 0002005
Palavra de ordem Literatura portuguesa
Subdivisão de assunto Romance
Código do sistema CA
675 ## - Classificação Decimal Universal (CDU)
Notação 821.134.3-31
Edição 3ª ed.
Língua da edição por
700 #1 - Nome de autor-pessoa física (responsabilidade principal)
Número de registo de entrada de autoridade 0001369
Palavra de ordem Alegre
Outra parte do nome não tomada para palavra de ordem Manuel
Datas 1936-
966 ## - Identificação da Biblioteca
Sigla EB2,3ENM
942 ## - Elementos de entrada adicionados (Koha)
Tipo de item no Koha Livro
Exemplares
Situação do levantamento Origin of item (home branch) (coded) Biblioteca de empréstimo Código de barras Cota Circulation type (not for loan) Tipo de documento Nota do exemplar Damaged status
  Biblioteca Escolar Eng. Nuno Mergulhão Biblioteca Escolar Eng. Nuno Mergulhão BENM3272 82LP-3 ALE   Livro Sem mensagem